Espacios, luces y sombras II : arquitectura contemporánea mexicana /

সংরক্ষণ করুন:
গ্রন্থ-পঞ্জীর বিবরন
প্রধান লেখক: Peña Rivero, José Antonio de la (edición)
অন্যান্য লেখক: Divece Roux, Paolino (edición) (edición), Hernández Orozco, Adolfo (autor) (autor)
বিন্যাস: গ্রন্থ
ভাষা:স্প্যানিশ
প্রকাশিত: Guadalajara, México : Gobierno del Estado de Jalisco, Secretaría de Cultura : TSN : José Antonio de la Peña Rivero, 2005, c2005
ট্যাগগুলো: ট্যাগ যুক্ত করুন
কোনো ট্যাগ নেই, প্রথমজন হিসাবে ট্যাগ করুন!

MARC

LEADER 00000nam^a2200000^a^4500
001 000584125
005 20250526000000.0
009 20260310132704.809
020 |a 968-5788-01-4 
037 |a Acervo ITESO - Biblioteca 
041 |a ESP 
091 |a FCO. 00712 
100 |a Peña Rivero, José Antonio de la  |e (edición) 
245 1 0 |a Espacios, luces y sombras II :  |b arquitectura contemporánea mexicana / 
264 4 |a Guadalajara, México :  |b Gobierno del Estado de Jalisco, Secretaría de Cultura :  |b TSN :  |b José Antonio de la Peña Rivero,  |c 2005, c2005 
300 |a 138 p. ;  |c 21.5 cm. 
336 |a texto  |b txt  |2 rdacontenido 
337 |a sin mediación  |b n  |2 rdamedio 
338 |a volumen  |b nc  |2 rdasoporte 
649 |a XX 
700 |a Divece Roux, Paolino  |e (edición) 
700 |a Hernández Orozco, Adolfo  |e (autor) 
910 |a Fondo Erich Coufal Kieswetter 
920 |a Impresos - Libros 
930 |a Libros Antiguos y Raros 
905 |a 142 
901 |a 0500412332  |b IT2  |c LRA  |i D  |u 20250526 
902 |a https://opac.biblio.iteso.mx/vufind/Record/000584125